<?xml version="1.0" encoding="UTF-8"?>
<record
    xmlns:xsi="http://www.w3.org/2001/XMLSchema-instance"
    xsi:schemaLocation="http://www.loc.gov/MARC21/slim http://www.loc.gov/standards/marcxml/schema/MARC21slim.xsd"
    xmlns="http://www.loc.gov/MARC21/slim">

  <leader>02887nab a2200337uuc4500</leader>
  <controlfield tag="001">1556215</controlfield>
  <controlfield tag="005">20241113090802.0</controlfield>
  <controlfield tag="007">cr|||||||</controlfield>
  <controlfield tag="008">210410m01uu2021                    spa  </controlfield>
  <datafield tag="035" ind1=" " ind2=" ">
    <subfield code="a">1556215</subfield>
  </datafield>
  <datafield tag="040" ind1=" " ind2=" ">
    <subfield code="c">comduadb</subfield>
  </datafield>
  <datafield tag="041" ind1=" " ind2=" ">
    <subfield code="a">spa</subfield>
  </datafield>
  <datafield tag="100" ind1="1" ind2="0">
    <subfield code="a">Rom&#xE1;n Gonz&#xE1;lez, Alejandro</subfield>
    <subfield code="4">aut</subfield>
    <subfield code="e">aut</subfield>
    <subfield code="9">551983</subfield>
  </datafield>
  <datafield tag="245" ind1="1" ind2="0">
    <subfield code="a">Diabetes mellitus y Covid-19: fisiopatolog&#xED;a y propuesta de tratamiento para el control gluc&#xE9;mico en el tiempo de la pandemia</subfield>
  </datafield>
  <datafield tag="336" ind1=" " ind2=" ">
    <subfield code="a">texto</subfield>
    <subfield code="b">txt</subfield>
    <subfield code="0">(uri)http://www.rdaregistry.info/termList/RDAContentType/#1020</subfield>
    <subfield code="2">rdacontent</subfield>
  </datafield>
  <datafield tag="520" ind1="3" ind2=" ">
    <subfield code="a">RESUMEN: El coronavirus 2 del s&#xED;ndrome respiratorio agudo grave es el tercer betacoronavirus desde el a&#xF1;o 2003 capaz de ocasionar una infecci&#xF3;n del tracto respiratorio inferior, llevando, en casos cr&#xED;ticos, al s&#xED;ndrome de dificultad respiratoria aguda y la muerte. La edad avanzada, la hipertensi&#xF3;n arterial y la diabetes mellitus son, entre otros, tres factores determinantes en los peores desenlaces cl&#xED;nicos. M&#xFA;ltiples mecanismos pueden explicar la mayor susceptibilidad de las personas diab&#xE9;ticas a las infecciones respiratorias. La hiperglucemia cr&#xF3;nica altera tanto a la inmunidad humoral como al celular. Esta enfermedad predispone a la sobreexpresi&#xF3;n de la prote&#xED;na de la membrana celular que sirve como receptora del virus y a una respuesta inflamatoria exacerbada, aumentando el riesgo de una descompensaci&#xF3;n y de la aparici&#xF3;n de crisis hiperglic&#xE9;micas. Ante la ausencia de un tratamiento efectivo o de una vacuna, todos los esfuerzos deben hacerse para procurar un buen control metab&#xF3;lico de los pacientes con diabetes mellitus con y sin COVID-19. Por lo anterior, se plantean en este art&#xED;culo de reflexi&#xF3;n, diferentes propuestas para el tratamiento de la diabetes mellitus en la unidad de cuidados intensivos, sin descartar la forma ambulatoria, en donde la telemedicina y otras tecnolog&#xED;as permitir&#xE1;n acortar la distancia y mantener las medidas de aislamiento preventivo.</subfield>
  </datafield>
  <datafield tag="650" ind1=" " ind2=" ">
    <subfield code="a">Infecciones por coronavirus</subfield>
    <subfield code="9">231387</subfield>
  </datafield>
  <datafield tag="650" ind1=" " ind2="7">
    <subfield code="a">Diabetes mellitus</subfield>
    <subfield code="2">dcs</subfield>
    <subfield code="9">21095</subfield>
  </datafield>
  <datafield tag="650" ind1=" " ind2=" ">
    <subfield code="a">Glicemia</subfield>
    <subfield code="9">165161</subfield>
  </datafield>
  <datafield tag="650" ind1=" " ind2="7">
    <subfield code="a">Pandemia de la Covid-19, 2020-2023</subfield>
    <subfield code="2">embne</subfield>
    <subfield code="9">231388</subfield>
  </datafield>
  <datafield tag="700" ind1="1" ind2="0">
    <subfield code="a">Rodr&#xED;guez Arrieta, Luis Antonio </subfield>
    <subfield code="4">aut</subfield>
    <subfield code="e">aut</subfield>
    <subfield code="9">809571</subfield>
  </datafield>
  <datafield tag="700" ind1="1" ind2="0">
    <subfield code="a">Builes Barrera, Carlos Alfonso</subfield>
    <subfield code="4">aut</subfield>
    <subfield code="e">aut</subfield>
    <subfield code="9">445732</subfield>
  </datafield>
  <datafield tag="700" ind1="1" ind2="0">
    <subfield code="a">Castro Martinez, Diva Cristina</subfield>
    <subfield code="4">aut</subfield>
    <subfield code="e">aut</subfield>
    <subfield code="9">322896</subfield>
  </datafield>
  <datafield tag="700" ind1="1" ind2="0">
    <subfield code="a">Builes Monta&#xF1;o, Carlos Esteban</subfield>
    <subfield code="4">aut</subfield>
    <subfield code="e">aut</subfield>
    <subfield code="9">701955</subfield>
  </datafield>
  <datafield tag="700" ind1="1" ind2="0">
    <subfield code="a">Arango Toro, Clara Mar&#xED;a </subfield>
    <subfield code="4">aut</subfield>
    <subfield code="e">aut</subfield>
    <subfield code="9">811006</subfield>
  </datafield>
  <datafield tag="700" ind1="1" ind2="0">
    <subfield code="a">Guti&#xE9;rrez Restrepo, Johnayro</subfield>
    <subfield code="4">aut</subfield>
    <subfield code="e">aut</subfield>
    <subfield code="9">526723</subfield>
  </datafield>
  <datafield tag="700" ind1="1" ind2="0">
    <subfield code="a">G&#xF3;mez Corrales, Juan David</subfield>
    <subfield code="4">aut</subfield>
    <subfield code="e">aut</subfield>
    <subfield code="9">616862</subfield>
  </datafield>
  <datafield tag="773" ind1="0" ind2=" ">
    <subfield code="t">Iatreia : Revista M&#xE9;dica Universidad de Antioquia (Medell&#xED;n)</subfield>
    <subfield code="g">Volumen 34, N&#xFA;mero 02, Abril de 2021, 161-171</subfield>
    <subfield code="w">318124</subfield>
    <subfield code="x">0121-0793</subfield>
    <subfield code="0">105489</subfield>
  </datafield>
  <datafield tag="856" ind1="4" ind2=" ">
    <subfield code="u">https://revistas.udea.edu.co/index.php/iatreia/article/view/341746</subfield>
  </datafield>
  <datafield tag="942" ind1=" " ind2=" ">
    <subfield code="c">ARIMP</subfield>
  </datafield>
  <datafield tag="999" ind1=" " ind2=" ">
    <subfield code="c">833136</subfield>
    <subfield code="d">833136</subfield>
  </datafield>
</record>
